Library of the University of Algiers 3
Ibrahim Sultan Cheibout
شعار جامعة الجزائر 3
مكتبة جامعة الجزائر 3
إبراهيم سلطان شيبوط

عن فن التدريس (رقم التسجيلة. 11122)

تفاصيل مارك
000 -LEADER
fixed length control field 00538nam a2200193Ia 4500
003 - CONTROL NUMBER IDENTIFIER
control field IEPS
005 - DATE AND TIME OF LATEST TRANSACTION
control field 20250703135239.0
008 - FIXED-LENGTH DATA ELEMENTS--GENERAL INFORMATION
fixed length control field 250223s9999||||xx |||||||||||||| ||und||
040 ## - CATALOGING SOURCE
-- IEPS
041 ## - LANGUAGE CODE
Language code of text/sound track or separate title ara
082 ## - DEWEY DECIMAL CLASSIFICATION NUMBER
Classification number 371.3
100 ## - MAIN ENTRY--PERSONAL NAME
Personal name هوبر ستر كوفل
245 #0 - TITLE STATEMENT
Title عن فن التدريس
260 ## - PUBLICATION, DISTRIBUTION, ETC.
Place of publication, distribution, etc. القاهرة
Name of publisher, distributor, etc. دار الفكر العربي
Date of publication, distribution, etc. 1984
300 ## - PHYSICAL DESCRIPTION
Extent 218 ص.
Other physical details غلاف ملون ومصور
Dimensions 24 سم.
653 ## - INDEX TERM--UNCONTROLLED
Uncontrolled term فن التدريس
700 ## - ADDED ENTRY--PERSONAL NAME
Personal name سعاد جابر الترب
942 ## - ADDED ENTRY ELEMENTS (KOHA)
Koha item type كتب
المقتنيات
Withdrawn status Lost status Source of classification or shelving scheme Damaged status Not for loan Home library Current library Date acquired Inventory number Total checkouts Full call number Barcode Date last seen Copy number Price effective from Koha item type
    Dewey Decimal Classification   NOT LOAN / إعارة داخلية مكتبة معهد التربية البدنية و الرياضية مكتبة معهد التربية البدنية و الرياضية 23/02/2025 invar357   371.3 ه س ع / 1 invar357 23/02/2025 ل ع 162 / 1 23/02/2025 كتب
    Dewey Decimal Classification   Available مكتبة معهد التربية البدنية و الرياضية مكتبة معهد التربية البدنية و الرياضية 23/02/2025 invar358   371.3 ه س ع / 2 invar358 23/02/2025 ل ع 162 / 2 23/02/2025 كتب

موارد الويب المفتوحة


© University of Algiers 3 All Rights Reserved
|
Implemented by LECHELAH Riad